00482nam a2200169Ia 4500100001800000650001100018942000700029366000700036654001100043245001900054260002700073082002100100300000800121546001200129999001700141952015400158 aCasteel/Joan  aOracle cBK f20 aoracle aOracle 10g SQL bThomsan Learningc2007 a005.133/CASbCAS a617 aENGLISH c25319d25319 001040708CRCaCRCEbCRCEd2023-03-17eDharma Enterprisesg477.60i298 dt 28/04/2009l0o005.133/CAS CASp19628r2023-03-17v597.00w0000-00-00yBK